Postoje ľudí k výberu stravovacieho zariadenia počas cestovania
Stravovanie a rozličné zvyky rôznych vekových skupín ľudí, či už zvyčajne alebo popri cestovaní. Prehľad o preferenciách stravovacích zariadení a zdravej domácej stravy.
Gespeichert in:
| 1. Verfasser: | |
|---|---|
| Weitere Verfasser: | |
| Format: | Buchkapitel |
| Sprache: | Slowakisch |
| Schlagworte: | |
| Tags: |
Keine Tags, Fügen Sie das erste Tag hinzu!
|
MARC
| LEADER | 00000nla a2200000 4500 | ||
|---|---|---|---|
| 001 | 0175881 | ||
| 005 | 20240502073012.3 | ||
| 041 | 0 | |a slo | |
| 044 | |a SK | ||
| 245 | 1 | 0 | |a Postoje ľudí k výberu stravovacieho zariadenia počas cestovania |c Tatiana Benická, Dagmar Klepochová |
| 520 | |a Stravovanie a rozličné zvyky rôznych vekových skupín ľudí, či už zvyčajne alebo popri cestovaní. Prehľad o preferenciách stravovacích zariadení a zdravej domácej stravy. | ||
| 610 | 2 | 0 | |a zariadenia stravovacie |
| 610 | 2 | 0 | |a stratégia obchodná |
| 610 | 2 | 0 | |a ruch cestovný |
| 610 | 2 | 0 | |a obsluha |
| 610 | 2 | 0 | |a jedlá |
| 610 | 2 | 0 | |a spotrebitelia |
| 610 | 2 | 0 | |a skupiny vekové |
| 100 | 1 | |a Benická, Tatiana | |
| 700 | 1 | |a Klepochová, Dagmar, 1968- | |